000 00780nam a2200205 a 4500
003 0
005 20250208075631.0
008 120723s19uu xx 00 eng d
050 _aPGS PN 1992.8.C45
_b.Ag283 2012
100 _aAguilar, Daniel M.
245 _aTV preferences and study habits of S.I.S.C. grade 6 students /
_cDaniel M. Aguilar.
260 _aLas PiƱas City, Philippines :
_bSouthville International School and Colleges,
_c2012.
300 _a23 pages :
_billustrations ;
_c28 cm.
504 _aIncludes bibliographical references.
650 _aTelevision and children
650 _aTelevision viewing
_vEffects on study habits.
650 _aStudy habits
_vInfluence of television.
650 _aChildren
_vTelevision viewing preferences.
942 _2lcc
_cPASS
999 _c98800
_d98800